Borussia Dortmund Kader 25/26 - Statistiken

Allgemein
  • Dieses Quiz wurde 674 mal gespielt
  • Das Durchschnittsergebnis liegt bei 21 aus 28
Antwortstatistiken
Rückennummer Position Spieler % Korrekt
1 TW Gregor Kobel
99%
4 IV Nico Schlotterbeck
98%
10 ZOM Julian Brandt
95%
9 ST Serhou Guirassy
94%
27 RF Karim Adeyemi
90%
7 ZM Jobe Bellingham
89%
23 ZDM Emre Can
88%
26 RV Julian Ryerson
88%
3 IV Waldemar Anton
88%
14 ST Maximilian Beier
87%
25 IV Niklas Süle
87%
8 ZM Felix Nmecha
86%
5 LV Ramy Bensebaini
85%
24 LV Daniel Svensson
83%
20 ZM Marcel Sabitzer
82%
33 TW Alexander Meyer
81%
2 RV Yan Couto
80%
13 ZM Pascal Groß
73%
21 ST Fábio Silva
72%
6 ZDM Salih Özcan
63%
16 LF Julien Duranville
61%
39 IV Filippo Mane
59%
17 ZM Carney Chukwuemeka
56%
42 LV Almugera Kabar
51%
28 IV Aarón Anselmino
48%
37 RF Cole Campbell
45%
30 TW Patrick Drewes
39%
31 TW Silas Ostrzinski
19%
Keine übereinstimmenden Quizze gefunden
Verteilung der Resultate
Anzahl Personen mit jedem Resultat
Perzentil nach korrekt beantworteten Fragen
Ihre Resultats-Entwicklung
Sie haben dieses Quiz noch nicht gespielt